000 00291nam a22001337a 4500
008 181030b xxu||||| |||| 00| 0 eng d
020 _a0721629563
041 _aeng
080 _a617
100 _a6
101 _aSHK
245 _aAtlas of Vascular Surgery
_cRutherford
942 _2udc
_cBK
999 _c51203
_d51203